| 000 | 00413nam a22001697a 4500 | ||
|---|---|---|---|
| 003 | MPLRDC | ||
| 005 | 20220104124201.0 | ||
| 008 | 210129b ||||| |||| 00| 0 eng d | ||
| 082 | _a880 TEST-2 | ||
| 100 | _aLEV NIKOLAEVICH TOLSTOI | ||
| 245 |
_a战争与和平 _c |
||
| 260 |
_a _b钟文出版社 _c |
||
| 300 | _b平 | ||
| 490 | _a世界文学名著. 4 | ||
| 650 | _a俄国文学 | ||
| 942 |
_cBK _o880 TEST-2 |
||
| 999 |
_c17299 _d17289 |
||